Nuevo Código Civil y Comercial de la Nación (Registro nro. 2235)
[ vista simple ]
| 000 -LEADER | |
|---|---|
| fixed length control field | 02402 a2200349 4500 |
| 001 - CONTROL NUMBER | |
| control field | 32022 |
| 005 - DATE AND TIME OF LATEST TRANSACTION | |
| control field | 20260407155621.0 |
| 008 - FIXED-LENGTH DATA ELEMENTS--GENERAL INFORMATION | |
| fixed length control field | 260407a2015 arg spa d |
| 003 - CONTROL NUMBER IDENTIFIER | |
| control field | AR-UNSa-BCEJYS |
| 040 ## - CATALOGING SOURCE | |
| Original cataloging agency | AR-UNSa-BCEJYS |
| Language of cataloging | spa |
| Transcribing agency | AR-UNSa-BCEJYS |
| 080 ## - UNIVERSAL DECIMAL CLASSIFICATION NUMBER | |
| Universal Decimal Classification number | 347.1/7(094.4) |
| Common auxiliary subdivision | Código Civil y Comercial |
| 041 ## - LANGUAGE CODE | |
| Language code of text/sound track or separate title | spa |
| 100 1# - MAIN ENTRY--PERSONAL NAME | |
| Personal name | Malvitano, Rubén H. |
| 245 10 - TITLE STATEMENT | |
| Title | Nuevo Código Civil y Comercial de la Nación |
| Name of part/section of a work | Aspectos tributarios. Comerciales y empresariales. Contables |
| 264 #1 - PRODUCTION, PUBLICATION, DISTRIBUTION, MANUFACTURE, AND COPYRIGHT NOTICE | |
| Place of production, publication, distribution, manufacture | Buenos Aires : |
| Name of producer, publisher, distributor, manufacturer | Erreius |
| Date of production, publication, distribution, manufacture, or copyright notice | 2015 |
| 300 ## - PHYSICAL DESCRIPTION | |
| Extent | 112 p. |
| Dimensions | 26 cm. |
| 505 ## - FORMATTED CONTENTS NOTE | |
| Formatted contents note | 1. El nuevo Código. Cambios en derecho de familia. Aproximación a algunas de sus consecuencias tributarias / Jorge Gebhardt y Rubén H. Malvitano - 2. Implicancias en los tributos locales, con especial referencia al impuesto de sellos / Fernando D. García - 3. La prescripción de los tributos locales / Silvina E. Coronello y Fabiana Iglesias Araujo - 4. Un aporte a los conflictos que se aproximan sobre la prescripción en los tributos locales / Antonio J. Cricco y Gabriel E. Ludueña - 5. Código Civil y Comercial de la Nación. Novedades en materia patrimonial, comercial, empresarial y tributaria / Ariel A. Neuman - 6. Reflexiones sobre la llamada "nueva pesificación" de los contratos en la Argentina, según el nuevo Código Civil y Comercial de la Nación unificado / Germán D. Mozzi - 7. Apuntes sobre algunos aspectos relevantes del proyecto de Código Civil y Comercial de la Nación unificado y el contrato de fideicomiso / Claudia E. Raisberg - 8. La sociedad unipersonal / Efraín H. Richard - 9. Registros contables y estados contables / Armando M. Casal - 10. Contabilidad,documentación y libros según la ley de sociedades comerciales y los antecedentes en el Código de Comercio / Armando M. Casal |
| 590 ## - LOCAL NOTE (RLIN) | |
| Local note | niveau_biblio:m niveau_hierar:0 |
| 700 1# - ADDED ENTRY--PERSONAL NAME | |
| Personal name | Gebhardt, Jorge |
| 700 1# - ADDED ENTRY--PERSONAL NAME | |
| Personal name | García, Fernando D. |
| 700 1# - ADDED ENTRY--PERSONAL NAME | |
| Personal name | Coronello, Silvina E. |
| 700 1# - ADDED ENTRY--PERSONAL NAME | |
| Personal name | Iglesias Araujo, Fabiana |
| 700 1# - ADDED ENTRY--PERSONAL NAME | |
| Personal name | Cricco, Antonio J. |
| 700 1# - ADDED ENTRY--PERSONAL NAME | |
| Personal name | Ludueña, Gabriel E. |
| 700 1# - ADDED ENTRY--PERSONAL NAME | |
| Personal name | Neuman, Ariel A. |
| 700 1# - ADDED ENTRY--PERSONAL NAME | |
| Personal name | Mozzi, Germán D. |
| 700 1# - ADDED ENTRY--PERSONAL NAME | |
| Personal name | Raisberg, Claudia E. |
| 700 1# - ADDED ENTRY--PERSONAL NAME | |
| Personal name | Richard, Efraín Hugo |
| 700 1# - ADDED ENTRY--PERSONAL NAME | |
| Personal name | Casal, Armando Miguel |
| 856 41 - ELECTRONIC LOCATION AND ACCESS | |
| Uniform Resource Identifier | <a href="https://biblioeco.unsa.edu.ar/pmb/images/libros/Codigo civil y comercial de la nacion-l125144.jpg">https://biblioeco.unsa.edu.ar/pmb/images/libros/Codigo civil y comercial de la nacion-l125144.jpg</a> |
| Link text | Imagen de portada |
| Electronic format type | image/jpeg |
| 942 ## - ADDED ENTRY ELEMENTS (KOHA) | |
| Koha item type | |
| Withdrawn status | Lost status | Damaged status | Not for loan | Home library | Current library | Shelving location | Date acquired | Total checkouts | Full call number | Barcode | Date last seen | Price effective from | Koha item type |
|---|---|---|---|---|---|---|---|---|---|---|---|---|---|
| Biblioteca Prof. Eusebio Cleto del Rey | Biblioteca Prof. Eusebio Cleto del Rey | 07/04/2026 | E347.1/7(094.4) N964/ER | E00016 | 07/04/2026 | 07/04/2026 | Libro | ||||||
| Biblioteca Prof. Eusebio Cleto del Rey | Biblioteca Prof. Eusebio Cleto del Rey | 07/04/2026 | E347.1/7(094.4) N964/ER Ej.2 | E00017 | 07/04/2026 | 07/04/2026 | Libro | ||||||
| Biblioteca Prof. Eusebio Cleto del Rey | Biblioteca Prof. Eusebio Cleto del Rey | 07/04/2026 | E347.1/7(094.4) N964/ER Ej.3 | E00018 | 07/04/2026 | 07/04/2026 | Libro | ||||||
| Biblioteca Prof. Eusebio Cleto del Rey | Biblioteca Prof. Eusebio Cleto del Rey | 07/04/2026 | E347.1/7(094.4) N964/ER Ej.4 | E00019 | 07/04/2026 | 07/04/2026 | Libro |